书目信息 |
| 题名: |
理论力学答疑
|
|
| 作者: | 康滋荣 编 | |
| 分册: | ||
| 出版信息: | 北京 气象出版社 1983 |
|
| 页数: | 230页 | |
| 开本: | 19cm | |
| 丛书名: | ||
| 单 册: | ||
| 中图分类: | O31 | |
| 科图分类: | ||
| 主题词: | 一般力学 , 理论力学--解题 , 理论力学 | |
| 电子资源: | ||
| ISBN: | ||
| 000 | 00631nam0 2200253 45 | |
| 001 | 0183011742 | |
| 005 | 20070801132619.60 | |
| 010 | @dCNY0.65 | |
| 091 | @a13194.0132 | |
| 100 | @a19950404d1983 em y0chiy0121 ea | |
| 101 | 0 | @achi |
| 102 | @aCN@b110000 | |
| 105 | @ay z 000yy | |
| 200 | 10 | @a理论力学答疑@Ali lun li xue da yi@f康滋荣编 |
| 210 | @a北京@c气象出版社@d1983 | |
| 215 | @a230页@d19cm | |
| 606 | 0 | @a一般力学 |
| 606 | @a理论力学@x解题 | |
| 606 | 0 | @a理论力学 |
| 690 | @aO31@v3 | |
| 701 | 0 | @a康滋荣@Akang zi rong@4编 |
| 801 | 2 | @aCN@bNLC@c20070801 |
| 801 | 0 | @aCN@b上海图书馆@c20060816 |
| 905 | @dO31@e14 | |
| 理论力学答疑/康滋荣编.-北京:气象出版社,1983 |
| 230页;19cm |
| ISBN :CNY0.65 |
| ● |
| 相关链接 |
|
|
|
|
正题名:理论力学答疑
索取号:O31/14
 
预约/预借
| 序号 | 登录号 | 条形码 | 馆藏地/架位号 | 状态 | 备注 |
| 1 | 0099231 | 001449524 | 第三借阅区/ [索取号:O31/14] | 在馆 | |
| 2 | 0099232 | 001952667 | 第三借阅区/ [索取号:O31/14] | 在馆 | |
| 3 | 0099233 | 001449515 | 第三借阅区/ [索取号:O31/14] | 在馆 | |
| 4 | 0099234 | 001449551 | 第三借阅区/ [索取号:O31/14] | 在馆 | |
| 5 | 0099235 | 001449542 | 第二样本阅览室/ [索取号:O31/14] | 在馆 | |
| 6 | 0430926 | 204309266 | 密集书库/ [索取号:O31/14] | 在馆 | |
| 7 | 0430927 | 204309275 | 密集书库/ [索取号:O31/14] | 在馆 | |
| 8 | 0431851 | 204318513 | 密集书库/ [索取号:O31/14] | 在馆 | |
| 9 | 0461937 | 204619378 | 密集书库/ [索取号:O31/14] | 在馆 | |
| 10 | 0464802 | 204648024 | 密集书库/ [索取号:O31/14] | 在馆 | |
| 11 | 0790359 | 207903599 | 密集书库/ [索取号:O31/14] | 在馆 |